000 00331nam a2200121Ia 4500
008 220204s9999 xx 000 0 und d
082 _a338.43.02(540)
_bSEN
100 _aSEN, Bandhudas
245 0 _aGreen revolution in India: A perspective
260 _aNew Delhi
_bWiley Eastern
_c1974
650 _aGreen revolution
942 _cBK
999 _c27399
_d27399